| 000 | 01323nam a2200349 i 4500 | ||
|---|---|---|---|
| 001 | 193128 | ||
| 003 | ES-MaACL | ||
| 005 | 20251114105100.0 | ||
| 007 | ta | ||
| 008 | 230822s2003 sp | spa d | ||
| 040 |
_aUNAV _bspa _cES-MaACL |
||
| 100 | 1 |
_aFernández, Juan ( _d1950-) _9174447 |
|
| 245 | 1 | 0 |
_aJuan Fernández / _c[textos, José Marín-Medina, José Pérez-Guerra, Mario Antolín Paz] |
| 260 |
_a[Derio, Vizcaya] : _bEcolograf, _cimp. 2003 |
||
| 300 |
_a61 p. : _bprincipalmente il. ; _c28 cm |
||
| 336 |
_2rdacontent _aTexto |
||
| 337 |
_2rdamedia _asin mediación |
||
| 338 |
_2rdacarrier _avolumen |
||
| 500 | _aCatalogación provisional. Signatura: N 8616. Depósito J. | ||
| 600 | 1 | 4 |
_aFernández, Juan ( _d1950-)- _vCatalogos _9234003 |
| 650 | 0 | 4 |
_aPintura española- _yS.XX _916042 |
| 650 | 0 | 0 |
_aPintura española- _yS.XXI _9234004 |
| 700 |
_aMarín-Medina, José, _d1939- _9234005 |
||
| 700 | 1 |
_aPérez-Guerra, José _9234006 |
|
| 700 |
_aAntolín Paz, Mario, _d1930-2003 _9234007 |
||
| 852 |
_aES-MaACL _9200443 _jN-8616 _cDEPOJ _hDonación: Editorial _zEn proceso |
||
| 942 |
_n0 _cMONOGRAFIA |
||
| 999 |
_c193128 _d193128 |
||